| 000 | 01174nam a2200313 a 4500 | ||
|---|---|---|---|
| 001 | 000116125 | ||
| 003 | CHAP | ||
| 005 | 20220329144602.0 | ||
| 008 | 190913s2019 mx | |sm |||||||spa d | ||
| 010 | _a112586 | ||
| 011 | _a113558 | ||
| 040 | _cCHAP | ||
| 090 | _aTesis | ||
| 100 | 1 |
_aMartínez Santiago, Danibaan. _9132908 |
|
| 245 | 1 | 0 |
_aEstimación del comportamiento productivo y calidad de la canal en cerdos de engorda en respuesta a energía, proteína y lisina _h[En línea] _cpor Danibaan Martínez Santiago. |
| 260 |
_aChapingo, Méx. : _bEl autor, _c2019. |
||
| 500 | _aPara ver el contenido del material haga clic en la liga | ||
| 502 | _aTesis (M. C en Innovación Ganadera) -- UACH. Departamento de Zootecnia | ||
| 590 |
_aE6337LMJ _b05 _c20190913 _lUCH01 _h1451 |
||
| 590 |
_aE6337LMJ _b05 _c20190913 _lUCH01 _h1451 |
||
| 650 | 1 | 4 |
_aGanado porcino _xAlimentación. _945329 |
| 650 | 1 | 4 |
_aGanado porcino _xCrecimiento. _945349 |
| 650 | 1 | 4 |
_aGanado porcino _xEngorda. _945362 |
| 650 | 1 | 4 |
_aGanado porcino _xNutrición. _945390 |
| 856 |
_aFinding aid _uhttp://10.13.5.2/tesis/sist116125.pdf _zTeclea aquí |
||
| 901 | _aBK | ||
| 942 | _cTESIS | ||
| 942 | _n0 | ||
| 999 |
_c112586 _d112586 |
||